000 01191nam a22002297a 4500
005 20260107151043.0
008 s2538 th tha d
020 _a9748196003
041 _atha
090 _aว JC571 ว225ส 2538
100 0 _aวรพจน์ วิศรุตพิชญ์
_926596
245 1 0 _aสิทธิและเสรีภาพตามรัฐธรรมนูญ (ศึกษารูปแบบการจำกัดสิทธิและเสรีภาพที่รัฐธรรมนูญให้ไว้อย่างเหมาะสม)
260 3 _aกรุงเทพฯ :
_bสำนักงานกองทุนสนับสนุนการวิจัย,
_c2538
300 _a95 หน้า ;
_b 21, 29 ซม.
650 0 4 _aสิทธิ
_913045
650 0 4 _aสิทธิมนุษยชน
_92032
650 0 4 _aเสรีภาพ
_913046
850 _aNALT
942 _cRSH
_08
997 _c000000000029823
_kVC
998 _aนางสาวเบญจลักษณ์ สุทธิวิไล
_j111
_k นางสาวพจพิณ พรมเอี่ยม
999 _c29823
_d29823